| 000 | 00684cab a2200229 4500 | ||
|---|---|---|---|
| 001 | WB3014-23 | ||
| 008 | 090401t1994 xxu||||| |||| 00| 0 eng d | ||
| 035 | _a(Sirsi) u24018 | ||
| 041 | _aeng | ||
| 245 | _aInsolvency proposals attacked | ||
| 260 | _c1994 | ||
| 350 | _a0 | ||
| 490 |
_aFinancial Times _v13 April 1994, 10; 14 April 1994, 10(1) |
||
| 520 | _aLeading professional bodies have attacked government proposed insolvency reforms as highly damaging to British business. | ||
| 650 | _aACCOUNTANTS | ||
| 650 | _aCBI | ||
| 650 | _aCONSULTATION DOCUMENT | ||
| 650 | _aINSOLVENCY PRACTITIONERS | ||
| 690 | _aECONOMIC AND SOCIAL | ||
| 942 | _n0 | ||
| 948 | _c04/03/1997 | ||
| 999 |
_c16084 _d16084 |
||